| 000 -LEADER |
| fixed length control field |
00852nam a22002417a 4500 |
| 005 - DATE AND TIME OF LATEST TRANSACTION |
| control field |
20260127081217.0 |
| 008 - FIXED-LENGTH DATA ELEMENTS--GENERAL INFORMATION |
| fixed length control field |
260127b ||||| |||| 00| 0 eng d |
| 020 ## - INTERNATIONAL STANDARD BOOK NUMBER |
| International Standard Book Number |
9781035015429 |
| 040 ## - CATALOGING SOURCE |
| Transcribing agency |
KH8 |
| 082 ## - DEWEY DECIMAL CLASSIFICATION NUMBER |
| Classification number |
741.5 GRE |
| 100 ## - MAIN ENTRY--PERSONAL NAME |
| Personal name |
GREEN.JOHN PATRICK |
| Relator term |
AUTHOR |
| 245 ## - TITLE STATEMENT |
| Title |
Investigators |
| Remainder of title |
ALL TIDE UP |
| 260 ## - PUBLICATION, DISTRIBUTION, ETC. |
| Place of publication, distribution, etc. |
The Smitson,6 Briset Street,London EC1M 5NR |
| Name of publisher, distributor, etc. |
MacMillan Children's Books |
| Date of publication, distribution, etc. |
2024 |
| 300 ## - PHYSICAL DESCRIPTION |
| Extent |
200 pages |
| Other physical details |
Colour illustration |
| Dimensions |
14cm x 21cm |
| 520 ## - SUMMARY, ETC. |
| Summary, etc. |
"When a cruise captain is found drifting at sea and delirious, the search begins for his missing ship and passengers! Did it sink? Was it boat-napped? Are supernatural forces at play? -Library Thing- |
| 650 ## - SUBJECT ADDED ENTRY--TOPICAL TERM |
| Topical term or geographic name entry element |
Juvenile Fiction |
| 655 ## - INDEX TERM--GENRE/FORM |
| Genre/form data or focus term |
Graphic Novels |
| 655 ## - INDEX TERM--GENRE/FORM |
| Genre/form data or focus term |
Comics |
| 655 ## - INDEX TERM--GENRE/FORM |
| Genre/form data or focus term |
Animals |
| 655 ## - INDEX TERM--GENRE/FORM |
| Genre/form data or focus term |
Adventure |
| 655 ## - INDEX TERM--GENRE/FORM |
| Genre/form data or focus term |
Humour |
| 942 ## - ADDED ENTRY ELEMENTS (KOHA) |
| Source of classification or shelving scheme |
|
| Koha item type |
Graphic Novel |